00419nam a2200157Ia 4500003000400000008004100004040001600045082001300061100001700074245006200091260004200153300001000195650001500205650001900220650002200239GCL140319s9999 xx 000 0 eng d aGCL / cGCL04a843bC A1 aCHAPOT, JEAN10aLES AMANTS DE SAINT - PETERSBOURG: ROMAN / cCHAPOT, JEAN a[S.N] : bALBIN MICHEL, S.A ، c1997 a424 P04aLITERATURE04aFRENCH FICTION04aFRENCH LITERATURE